000 00499nam a2200181Ia 4500
003 GCL
008 140319s9999 xx 000 0 eng d
040 _aGCL /
_cGCL
082 0 4 _aCC
_b069.09
_bL C
100 1 _aLABIB, PAHOR
245 1 0 _aTHE COPTIC MUSEUM AND THE FORTRESS OF BABYLON /
_cLABIB, PAHOR
260 _a[S.N] :
_bGENERAL ORGANISATION FOR GOVERNMENT OFFI ،
_c1958
300 _a20 P
650 0 4 _aMUSEUMS
650 0 4 _aCOPTIC MUSEUM
650 0 4 _aCOPTIC HISTORY
942 _2ddc
_cBK
999 _c25605
_d25605